00731nam a2200181 a 450000100100000000500170001000800410002704000250006808200080009310000330010124000440013424501030017826000700028130000320035170000410038395201080042499900170053200003981920201002033743.0130723s1966 mx d 000 0 spa d aDO-SdBNPbspacBNPHU axxx1 aHeilbroner, Robert L.94777110aUnderstanting macroeconomicslespañol10aComprensión de la macroeconomía /cRobert L. Heilbroner ; traducción Ruben Pimentel Rogerio. aMéxico :bUnion tipografica editorial HispanoA mericana,c1966. a228 p. :bdiagrs. ;c23 cm.1 aPimentel Rogerio, Ruben,etr.966013 001050718MOaGRbGRcCTd2013-07-23iLF1l0oxxx p39819-10r2020-06-25w2020-06-25y1ZNo se presta c39309d39309